000 00486nam a2200181Ia 4500
005 20250326141519.0
008 250326s9999 xx 000 0 und d
037 _aTextbook
040 _aFMSL
_beng
_cFMSL
041 _aeng
_2eng
084 _qFMSL
100 _aRao Vsp
_9744621
245 0 _aHuman resource management in small industry
_cRao Vsp
260 _aNew Delhi
_bNew Delhi, Discovery Pub. House
_c1991
300 _a441p
942 _cTB
999 _c1290658
_d1290658